| 000 | 02502cam a2200517 a 4500 | ||
|---|---|---|---|
| 001 | sjds1117423 | ||
| 003 | sjds | ||
| 005 | 20240317212903.0 | ||
| 008 | 120405t20122012txu j 000 1 eng c | ||
| 010 | _a 2012008729 | ||
| 020 | _a9781558857445 (pbk. : alk. paper) | ||
| 020 | _a1558857443 (pbk. : alk. paper) | ||
| 035 | _a492235 | ||
| 035 | _a(OCoLC)759908887 | ||
| 035 | _a492235 | ||
| 040 |
_aNJQ/DLC _beng _cZQP _dDLC _dBTCTA _dBDX _dYDXCP _dIFA _dUtOrBLW |
||
| 041 | 1 |
_aeng _aspa _heng |
|
| 049 | _aIFAA | ||
| 099 | _f2012 | ||
| 100 | 1 |
_aSaldaña, René, _eauthor. |
|
| 245 | 1 | 0 |
_aBailando con el diablo y otros cuentos del más allá = _bDancing with the devil and other tales from beyond / _cby = por René Saldaña, Jr. ; Spanish translation by = traducción al español de Gabriela Baeza Ventura. |
| 246 | 3 | 1 | _aDancing with the devil and other tales from beyond |
| 246 | 3 | 1 | _aPor René Saldaña, Jr. |
| 246 | 3 | 1 | _aTraducción al español de Gabriela Baeza Ventura. |
| 260 |
_aHouston, TX : _bPiñata Books, _cc2012 |
||
| 264 | 1 |
_aHouston, TX : _bPiñata Books, _c[2012] |
|
| 264 | 4 | _cc2012 | |
| 300 |
_a81, 83 pages ; _c22 cm |
||
| 336 |
_atext _btxt _2rdacontent |
||
| 337 |
_aunmediated _bn _2rdamedia |
||
| 338 |
_avolume _bnc _2rdacarrier |
||
| 505 | 0 | _aLa llorona sings a happy song = La llorona canta una cancion alegre -- Louie spills his guts = Louie suelta la sopa -- The coy and disobedient girl and the devil at the dance = La niña coqueta y desobediente y el diablo del baile -- God's will be done = Si Diosito quiere -- Have I got a marble for you = Ay, la canica que te tengo -- All choked up = Sin palabras. | |
| 520 | _aA collection of traditional tales based on Mexican American lore with a contemporary twist. | ||
| 520 | _aUna colección de cuentos tradicionales basados en la sabiduría mexicana-americana con un giro contemporáneo. | ||
| 521 | 8 |
_a810 _bLexile |
|
| 650 | 0 |
_aMexican Americans _vJuvenile fiction. |
|
| 650 | 0 |
_aChildren's stories, American _vAdaptations _vJuvenile literature. |
|
| 650 | 0 |
_aShort stories _vJuvenile literature. |
|
| 650 | 7 |
_aMexicano-americanos _vNovela juvenil. _2bidex |
|
| 650 | 7 |
_aCuentos infantiles americanos _vAdaptaciones _vLiteratura juvenil. _2local |
|
| 650 | 7 |
_aCuentos _vLiteratura juvenil. _2bidex |
|
| 700 | 1 | 2 |
_aSaldaña, René. _tShort stories. _kSelections. _lSpanish. |
| 700 | 1 | 2 |
_aSaldaña, René. _tShort stories. _kSelections. _lEnglish. |
| 700 | 1 | _aVentura, Gabriela Baeza. | |
| 942 |
_cBK _2ddc |
||
| 999 |
_c19440 _d19440 |
||